000 00882aab a2200217 4500
001 768714001
003 CO-MdFUSB
005 20240611110158.0
008 170512s1 cr ||||| |||| 00| 0 spa d
022 _a1409-1968
040 _aCO-MdFUSB
_bspa
_cCO-MdFUSB
_dCO-MdFUSB
041 _aspa
100 1 _aRobinson, Haddon W.
_eautor
245 1 0 _aPredicando a pesar del dolor :
_bcuando uno está herido ¿cómo levanta a la congregación?
_c/ Haddon W. Robinson,
300 _aVolumen 11. Número 6 (1994), páginas 6-8
_c: 27 cm.
520 _aEn este artículo se habla sobre el proceso que atraviesan los pastores cuando pasan por el dolor y cómo enfrentar esta situación para no destruir a la iglesia.
653 _aEclesiología
773 0 _tApuntes Pastorales
_049442
_960180
_gVolumen 11. Número 6 (1994), páginas 6-8
_qPágina 6
942 _cANA
945 _aJTF-925
999 _c53175
_d53175